LEADER 00707nam 2200265 450 001 9910409659203321 005 20200723114817.0 010 $a9788843099728 100 $a20200723d2020----u y0engy50 ba 101 0 $aita 102 $aIT 105 0 $a 00 200 1 $aChe cos'e' la memoria$fDaniele Gatti, Tomaso Vecchi 210 $aRoma$cCarocci$d2020 215 $a121 p.$d22 cm 225 $aBussole$epsicologia$v606 610 0 $aMemoria 676 $a153.12$v22$zita 700 1$aGatti,$bDaniele$0764078 701 1$aVecchi,$bTomaso$0597561 912 $a9910409659203321 952 $a153.12 GAT 1$b7261$fbfs 959 $aBFS 996 $aChe cos'e' la memoria$91753925 997 $aUNINA LEADER 01317nam 2200373Ia 450 001 996396119603316 005 20221107221329.0 035 $a(CKB)4940000000057154 035 $a(EEBO)2248583926 035 $a(OCoLC)12321615 035 $a(EXLCZ)994940000000057154 100 $a19850730d1691 uy | 101 0 $aeng 135 $aurbn||||a|bb| 200 14$aThe short French dictionary$b[electronic resource] $ein two parts : the I. English and French, II. French and English : according to the present use, and modern orthography /$fby Guy Miege .. 205 $aThe third edition with some improvements. 210 $aHague $cBy Henry van Bulderen, bookseller ...$dMDCXCI [1691] 215 $aca. 890 p 300 $aThe second part has special t.p. on p. [499] 300 $aReproduction of original in the Cambridge University Library. 330 $aeebo-0021 606 $aFrench language$vDictionaries$xEnglish 606 $aEnglish language$vDictionaries$xFrench 615 0$aFrench language$xEnglish. 615 0$aEnglish language$xFrench. 700 $aMiege$b Guy$f1644-1718?$01002359 801 0$bEAE 801 1$bEAE 801 2$bUMI 801 2$bWaOLN 906 $aBOOK 912 $a996396119603316 996 $aThe short French dictionary$92303286 997 $aUNISA